CEMP Properties v Dentsply Research and Development Corp...(No. 1) (Record no. 20173)
[ view plain ]
| 000 -LEADER | |
|---|---|
| fixed length control field | 00991cab a2200205 4500 |
| 001 - CONTROL NUMBER | |
| control field | ABS41410 |
| 008 - FIXED-LENGTH DATA ELEMENTS--GENERAL INFORMATION | |
| fixed length control field | 090401t1989 xxu||||| |||| 00| 0 eng d |
| 035 ## - SYSTEM CONTROL NUMBER | |
| System control number | (Sirsi) u29975 |
| 041 ## - LANGUAGE CODE | |
| Language code of text/sound track or separate title | eng |
| 245 ## - TITLE STATEMENT | |
| Title | CEMP Properties v Dentsply Research and Development Corp...(No. 1) |
| 260 ## - PUBLICATION, DISTRIBUTION, ETC. | |
| Date of publication, distribution, etc. | 1989 |
| 350 ## - PRICE (NR) (BK AM CF MU VM SE) [OBSOLETE] | |
| Price | 0 |
| 490 ## - SERIES STATEMENT | |
| Series statement | Estates Gazette |
| Volume/sequential designation | (1989) 35 EG 99-107(5) |
| 520 ## - SUMMARY, ETC. | |
| Summary, etc. | ChD 20 November 1987. The first of three judgments relating to a series of transactions and should be read together. A claim was established under the Misrepresentation Act 1967 s2(1) against the defendant vendor (D), with regard to statements about rights to light and air. No claim for negligence thought appropriate, though judgment for the plaintiffs on the issue of liability. Judgments on quantifying damages and third party claims against D`s solicitors reported separately. |
| 650 ## - SUBJECT ADDED ENTRY--TOPICAL TERM | |
| Topical term or geographic name entry element | RIGHT TO AIR |
| 650 ## - SUBJECT ADDED ENTRY--TOPICAL TERM | |
| Topical term or geographic name entry element | RIGHT TO LIGHT |
| 690 ## - LOCAL SUBJECT ADDED ENTRY--TOPICAL TERM (OCLC, RLIN) | |
| Topical term or geographic name as entry element | LAND-CASE LAW |
| 942 ## - ADDED ENTRY ELEMENTS (KOHA) | |
| Suppress in OPAC | 0 |
| 948 ## - LOCAL PROCESSING INFORMATION (OCLC); SERIES PART DESIGNATOR (RLIN) | |
| c (OCLC) | 04/03/1997 |
| Withdrawn status | Lost status | Source of classification or shelving scheme | Damaged status | Not for loan | Home library | Current library | Shelving location | Date acquired | Total Checkouts | Full call number | Barcode | Date last seen | Copy number | Price effective from | Koha item type |
|---|---|---|---|---|---|---|---|---|---|---|---|---|---|---|---|
| Dewey Decimal Classification | London | London | Journal article | 14/09/1999 | ABS41410 | 29975-1001 | 06/08/2019 | 1 | 06/08/2019 | Law report |